Statistiques concernant Citation rap fr

Cliquez ici pour prendre le quiz!

Statistiques générales

  • Ce quiz a été pris 293 fois
  • Le résultat moyen est 8 sur 18

Statistiques - réponses

ParolesSon% Correct
On sèche les cours, la flemme marque le quotidien
Être en couple, ça fait mal que quand t'y tiens
Même si j'ai rien à prouver, j'me sens un peu seul
J'ai toujours pas trouvé la pièce manquante du puzzle
On verra
81%
Ça veut l'port d'armes
Et les gros bras à Jean Claude Van Damme
J'fume la beuh d'Amsterdam
Celle qui est bonne, qui t'monte au crâne
JCVD
80%
J'ai passé la nuit menotté sur le banc
Sur les lacets de mes Air Max il reste un peu de sang
Elle apparaît puis disparaît sous mon volant
Il me reste encore un peu de rouge à lèvres sur le gland
Air max
70%
Et j'ai dû côtoyer l'pavé
Pas à pas j'me dis c'est pas vrai
Papa, Maman, les gars, désolé
J'ressens comme une envie de m'isoler
Désolé
67%
Lunettes teintées
Phares xénon, vitres teintées
J'partais au charbon
Pied d'biche, portes blindées
Matuidi charo
66%
J'faisais parti de ces gens affamés juste avant que j'graille
J'faisais parti de son cœur avant qu'elle me dise bye-bye
J'm'isole avec toutes sortes de drogues quand j'ai besoin de fly
Je me console chez Bellagio quand j'ai besoin de life
Life
58%
J'n'ai aucune peine, j'te nique ta race
Dans les veines j'n'ai que de la glace
J'veux savoir c'que ça fait d'prendre leur place
J'm'entraine à sourire devant ma glace
Zoo
57%
J'ai toujours rêvé d'être dans l'top, sourd face à la jalousie
On fait du bénéf' pour le confort, y a que l'bon Dieu qui m'adoucie
Bébé, j'peux pas t'aimer tous les jours, j'ai des plans trop juteux, dehors
J'suis tout près d'la kichta, près du four, c'est super méchant quand on sort, binks
Jefe
55%
Elle vit la nuit, c'est une bombasse, c'est une kamikaze
Soleil de minuit, elle fait tomber les hommes sous son blabla
Elle provoque des bagarres, elle est dans le cœur de tous mes scars-la
De Marseille à Paname, on lui veut la pendaison comme Saddam
Binta
43%
Ils font des bêtises et quand le maître revient
Ils pleurent à la niche et font genre qu't'aiment bien
Moi j'reste dans l'tieks, grâce à Dieu j'encaisse
Une équipe solide, j'avais pas l'permis mais j'avais ma caisse
Un peu de haine
42%
Nouvelle caisse, nouvelle liasse
Rolls Royce, pétasse
Grosse table, vingt bouteilles
Toujours calibré dans l'club re-fré
Awa
41%
Nos cœurs battent trop vite, on va se crasher
Il faut réduire la vitesse
Je t'aimais, c'est du passé
J'vais me consoler chez Versace
Validée
35%
Dans la pilonière y'a du très bon pilon
Les yeux sont bridés quand j'visser au Japon
Il m'faut des assistantes quand j'en roule un long
La miss crache la fumée j'enfile mon sexe dans ses ronds
Fume à fond
34%
Laisse-moi zoom-zoom-zang dans ta Benz, Benz, Benz
Girl, quand tu whine ton bumpa, ça m'rend dingue, dingue, dingue
Laisse-moi zoom-zoom-zang dans ta Benz, Benz, Benz
Girl, quand tu whine ton bumpa, ça m'rend dingue, dingue, dingue
Ma benz
32%
Mon papa veut du biff
Maman veut des petits-enfants
Mes soldats veulent de la weed
Et cette salope veut son sac Longchamp
Terrasser
29%
Je viens de loin et vu mon teint, j'dois faire les choses bien
Mais qui peut m'stopper?
Renier mon identité, j'peux pas essayer
Mais qui peut m'stopper?
Qui peut me stopper
13%
Peut-être que rien ne va pour toi car tu crois qu'j'suis chanceux
Bordel, reprends ta vie en main, va ranger ta chambre
Seul-tout sur ton chemin, pensif, t'as la voix qui tremble
Té-ma ta vie flinguée, imagine celle d'après dans l'feu
Anunnaki
12%
J'sais pas dire adieu, j'sais pas dire "je t'aime"
Le démon sorti, j'me retiens plus : courez !
Les regrets me tuent, les souvenirs me prennent
Dans la nuit j'appelle mon père quand j'suis bourré
Toka
10%

Distribution des résultats

Percentile par nombre de réponses

% des personnes avec chaque résultat

Votre développement - résultats

Vous n’avez pas pris ce quiz